| 000 | 00388nam a2200145Ia 4500 | ||
|---|---|---|---|
| 020 | _a0021787530 | ||
| 040 | _cCGP | ||
| 082 | _a418 MAC 1993 A024 Or. | ||
| 245 | 0 | 0 | _aGoodness gracious me! / |
| 260 |
_aNew York : _bMacmillan/McGraw-Hill School Pub. Co., _cc1993. |
||
| 300 |
_a143 p. : _bcol. ill. ; _c29 cm. |
||
| 650 | 0 | _aReaders (Primary) | |
| 700 | 1 | _aAoki, Elaine Mei. | |
| 942 | _cEK | ||
| 999 |
_c13988 _d13988 |
||